| 000 | 00455nam a2200133Ia 4500 | ||
|---|---|---|---|
| 008 | 170221s9999 xx 000 0 und d | ||
| 100 | _aJia-Wen Liang | ||
| 245 | _aStock-Based Compensation in a Concentrated Ownership Setting: An Empirical Investigation (pages 131–157) | ||
| 245 | _cJia-Wen Liang and Chen Lung Chin | ||
| 260 | _c2015 | ||
| 300 | _a6 : 2 | ||
| 650 | _xBusiness | ||
| 856 | _uhttp://onlinelibrary.wiley.com/doi/10.1111/jbfa.12167/epdf | ||
| 999 |
_c313538 _d313538 |
||